000 00328nam a2200133Ia 4500
005 20251222155206.0
008 251222s9999||||xx |||||||||||||| ||spa||
082 _aENC.16.7
100 _aEl Comercio.
245 0 _aTodo sobre sexualidad I Las relaciones humanas
250 _a2da. ed.
264 _bEl Comercio
942 _cLIB
999 _c40117
_d40117